01371nam a22003617a 4500003000500000005001700005008004100022010001000063011001000073035001000083040000900093090001000102100004100112245012400153260003700277300001000314502009800324590003700422590004100459590004100500590004100541590004100582590004100623590004200664650003900706650003300745650003300778901000700811942001000818949003600828999001700864952012800881CHAP20220329140258.0971013s1983 r 00010 d a49668 a50640 a54790 cCHAP aTesis00aVillalón Mendoza, Horacio.9119458 aComportamiento de cultivares de lechuga (Lactuca sativa L.) en tres sistemas de siembra en la región de Marín, N.L. aMarín, N.L. :bEl autor,c1983 a55 h. aTesis (Ing. Agrónomo Fitotecnista) -- Univ. Autónoma de Nuevo León. Fac. de Agronomía aALEPHb10c20130110lUCH01h1322 aBATCH-UPDb10c20130110lUCH01h0117 aBATCH-UPDb10c20130110lUCH01h1552 aBATCH-UPDb10c20130409lUCH01h2109 aBATCH-UPDb10c20130410lUCH01h0950 aBATCH-UPDb10c20130914lUCH01h1718 aCONVERSIONb10c20130109lUCH01h132714aLechugaxFechas de siembra.96546014aLechugaxPlántulas.96547114aLechugaxRendimiento.965476 aBK cTESIS bBCcTESd-120663eTS1i54790si c49668d49668 00102local4051708TESISaBCbBCcPA_TESISd2012-12-17fTESISl0oTesisp-120663r2019-12-31 00:00:00w2019-12-31yTESIS